00407nam a22001217a 4500020001600000082001300016100001900029245010800048260003600156300003200192650004100224700002000265 qHard Cover. a620.0011 aShah Mir Ahmad aPerformance analysis of solar water heaters and their applications for space heating /cShah Mir Ahmad. aIslamabad :bCES - NUST,c2014. axiii, 63 p. : ill. ;c30cm. aEnergy Systems Engineering MS-Thesis aDr. Adeel Waqas